LEADER 00893nam a2200229 i 4500 001 000000166642 003 CaOOAMICUS 005 20071115000000.0 008 071115s1943 it u000 u ita u 013 $a144011 040 $aSeMil$bita 100 1 $aDe Robertis, Giuseppe,$d<1888-1963>.$0(OLS)http://semarc/name/1219 245 10$aScrittori del novecento /$cGiuseppe De Robertis. 250 $a2. ed. 260 $aFirenze :$bLe Monnier,$c1943. 300 $a417 p. ;$c20 cm. 650 4$aLetteratura italiana - Sec. 20.$0(OLS)http://semarc/subject/1259 650 4$aScrittori italiani - Sec. 20.$0(OLS)http://semarc/subject/15182 850 $aSeMil 852 $aSeMil$W1$xVenegono$y1$m1O IV 40$j117805$B117805$CSeMilBibl$Z2$F128526 $81 996 $6245$aScrittori del novecento$9(OLS)http://semarc/title/238164 996 $6260$aFirenze :$bLe Monnier$9(OLS)http://semarc/publisher/30060 LEADER 01518nam a2200289 i 4500 001 000000076605 003 CaOOAMICUS 005 20091117000000.0 008 091117s1999 it u000 u ita u 013 $a47777 020 $a3-906763-61-7 040 $aSeMil$bita 100 1 $aVisintin, Stefano,$d<1959- >.$0(OLS)http://semarc/name/37736 245 10$aRivelazione divina ed esperienza umana :$bproposta di George Tyrrell e risposta di Karl Rahner /$cStefano Visintin. 260 $aBern [etc.] :$bPeter Lang,$c1999. 300 $a280 p. ;$c21 cm. 490 0 $aEuropäische Hochschulschriften. Reihe 23, Theologie = Publications universitaires européennes. Série 23, Théologie = European university studies. Series 23, Theology ;$v677 600 14$aRahner, Karl .$0(OLS)http://semarc/subject/7673 600 14$aTyrrell, George <1861-1909>.$0(OLS)http://semarc/subject/11068 650 4$aRivelazione - Teologia.$0(OLS)http://semarc/subject/1246 830 0$aEuropäische Hochschulschriften. Reihe 23, Theologie ;$v677.$0(OLS)http://semarc/title/53849 850 $aSeMil 852 $aSeMil$W1$xVenegono$y1$m2B V 387$j42757$B42757$CSeMilBibl$Z2$F71692 $81 961 $aAcquisto: Herder 996 $6020$a3-906763-61-7$9(OLS)http://semarc/number/57617 996 $6245$aRivelazione divina ed esperienza umana :$bproposta di George Tyrrell e risposta di Karl Rahner$9(OLS)http://semarc/title/124213 996 $6260$aBern [etc.] :$bPeter Lang$9(OLS)http://semarc/publisher/33531